| 000 | 01147nam a22002657a 4500 | ||
|---|---|---|---|
| 005 | 20170124103010.0 | ||
| 010 | _aA-388317 | ||
| 020 | _c40.00 | ||
| 035 | _aA-388317 | ||
| 037 | _bCen Lib/Ret | ||
| 040 |
_aDPL _bHN |
||
| 082 |
_aउ _bआशापू |
||
| 100 |
_aआशापूर्णा देवी _957263 |
||
| 245 |
_aनिलय-निवास / _cआशापूर्णा देवी; अनुवादक अलका मुखोपाध्याय |
||
| 246 |
_aNilay-nivas / _bby Ashapurna Devi; anuwadak Alka Makhopadhyay |
||
| 260 |
_aइलाहाबाद _bरविन्द्र प्रकाशन _c1989 |
||
| 270 |
_a1131, कटरा _bइलाहाबाद |
||
| 300 |
_a127पृ. _c20सेमी (सजिल्द) |
||
| 650 |
_a हिन्दी साहित्य _957264 |
||
| 650 |
_a हिन्दी साहित्य -- उपन्यास _946379 |
||
| 650 |
_aHindi literature _957265 |
||
| 650 |
_aHindi literature -- Fiction _957266 |
||
| 700 |
_aमुखोपाध्याय, अलका _93849 |
||
| 942 |
_2ddc _cHN _hउ _mआशापू |
||
| 999 |
_c114546 _d114546 |
||